| 000 | 00526nam a2200169Ia 4500 | ||
|---|---|---|---|
| 999 |
_c12196 _d12196 |
||
| 003 | OSt | ||
| 005 | 20201005102427.0 | ||
| 008 | 190216s9999||||xx |||||||||||||| ||und|| | ||
| 040 | _coclc | ||
| 082 |
_a823.912 _bMAU/A |
||
| 100 |
_aMaugham, W Somerset _94966 |
||
| 245 | 0 |
_aAshenden or The British Agent / _cW Somerset Maugham ; Robert Micklewright |
|
| 260 |
_bHeron Books, _c1968. _aLondon: |
||
| 300 | _a247p | ||
| 650 | _aEnglish Short Stories | ||
| 942 |
_cBK _2ddc _h823.912 _iMAU/A _k823.912 _mMAU/A |
||